00472 a2200193 4500260001000000630003900010650002700049100002100076260002000097245004000117300000900157650002700166260000900193300000900202100000700211440001400218037002800232020001800260 aParis a33 - Economie - Economie politique a3 -* SCIENCES SOCIALES aRainelli, Michel bLa Découverte aL'Organisation mondiale du commerce a122p aCommerce international c2002 b18cm lFr aRepères aDE 9910 DE 9908 DE 9909 a2-7071-3589-5